000 00716nam a2200241 4500
001 12666
003 BD-RjUL
005 20211208235333.0
008 140129r19741968ii a b 001 0 eng
035 _a(BD-RjUL)12716
040 _aDLC
_cDLC
_dDLC
_dBD-RjUL
_beng
041 _aeng
082 0 0 _a629.8312
_bDRE 1974
100 1 _aDransfield, Peter.
_939436
245 1 0 _aEngineering systems and automatic control /
_cPeter Dransfield.
260 _aEnglewood Cliffs, N.J. :
_bPrentice-Hall,
_cc1968 [1974].
300 _axii, 429 p. :
_billus. ;
_c24 cm.
504 _aIncludes bibliographies and index.
650 0 _aControl theory.
_939437
942 _2ddc
_cBK
999 _c12666
_d12666